000 00225 a2200097 4500
001 41266
100 _aAraskh R
245 _aRuni the Persian, the sufi
260 _aLondon
_bRoutledge & kegan paul
_c
090 _c25470
_d25470
942 _aNUST-CAE
_cM
_c17192
999 _c276339
_d276339